|
|
|
|
| LEADER |
00000nab a2200000ua 4500 |
| 001 |
vtls010755426 |
| 003 |
SK-MaSNL |
| 005 |
20260304202315.0 |
| 008 |
250718s1973 xo |||||||||||||||||slo| |
| 035 |
|
|
|a (urnnbn)urn:nbn:sk:snk:ar-a01n8w
|
| 035 |
|
|
|a (uuid)c1df66b9-1c03-4e02-be58-168fb1449166
|
| 035 |
|
|
|a urn:nbn:sk:snk-ab4fnc
|
| 040 |
|
|
|a SNKBUCL
|b slo
|c SNKBUCL
|e AACR2
|
| 041 |
0 |
|
|a slo
|
| 044 |
|
|
|a xo
|c SK
|
| 100 |
1 |
|
|a Lizoň, Pavel,
|d 1945-
|4 aut
|9 115767
|
| 245 |
1 |
0 |
|a Fridrich Hazslinszky botanik svetového významu
|c Pavel Lizoň
|
| 773 |
0 |
|
|t Naše liečivé rastliny
|g Roč. 10, č. 2 (1973), s. 58-59
|
| 850 |
|
|
|a Slovenská národná knižnica
|
| 852 |
|
|
|a Slovenská národná knižnica
|
| 954 |
|
|
|a odborná, vedecká literatúra pôvodná (slovenská)
|2 lita
|
| 958 |
|
|
|a article3
|
| 958 |
|
|
|a OND
|
| 958 |
|
|
|a EUIPO
|
| 999 |
|
|
|c 3102113
|d 3104043
|